| 000 | 00703nam a2200181Ia 4500 | ||
|---|---|---|---|
| 008 | 100921s9999 xx 000 0 und d | ||
| 082 |
_b38031 _a808.5 न 03 |
||
| 100 | _aभोसले शिवाजीराव. | ||
| 245 | _aकला वक्तृत्वाची. | ||
| 260 |
_bअक्षरब्रह्म प्रकाशन, पुणे. _c2003 |
||
| 300 |
_a121 _bकलाभारती वितरण,पुणे |
||
| 365 | _b125 | ||
| 520 | _aललित-भाषणकला. | ||
| 630 | _aकला वक्तृत्वाची. | ||
| 650 | _aललित-भाषणकला. | ||
| 730 | _aकला वक्तृत्वाची. | ||
| 942 | _cBOOK | ||
| 999 |
_c787144 _d787141 |
||